LEADER 01073nam a2200265 u 4500 001 000000112794 003 CaOOAMICUS 005 20080721115426.0 008 080721s2008 it u000 u ita r 020 $z978-88-348-7354-0* 040 $aPUL$bita$dLDB 100 1 $aCastro, Sandro.$0(OLS)http://pul/name/69487 245 13$aIl danno all'immagine /$cSandro Castro. 260 $aTorino :$bGiappichelli,$c2008. 300 $axxi, 988 p. ;$c25 cm. 490 1 $aNuovi sentieri del risarcimento 650 4$aDanni (diritto).$0(OLS)http://pul/subject/18815 830 0$aNuovi sentieri del risarcimento.$0(OLS)http://pul/title/141770 850 $aPUL 852 $aPUL$W1$xSL Diritto e Scienze Sociali 3$y79$m342. 45 CASSA 2$j129036$qDDC 21$B128003$CPULBib$Z2$F128003 $H107778 $81 941 1 $a9 960 $aDanno (diritto)$918815 996 $6020$z978-88-348-7354-0*$9(OLS)http://pul/number/138533 996 $6245$aIl danno all'immagine$9(OLS)http://pul/title/141769 996 $6260$aTorino :$bGiappichelli$9(OLS)http://pul/publisher/48244 LEADER 01468nam a2200289 a 4500 001 000000125248 003 CaOOAMICUS 005 20110510121214.0 008 110510s2010 it u000 u ita r 020 $a978-88-6372-255-0 040 $aPUL$bita 100 1 $aLomonaco, Fabrizio.$0(OLS)http://pul/name/79261 245 10$aA partire da Giambattista Vico :$bfilosofia, diritto e letteratura nella Napoli del secondo Settecento /$cFabrizio Lomonaco ; presentazione di Fulvio Tessitore. 260 $aRoma :$bEdizioni di Storia e Letteratura,$c2010. 300 $axviii, 332 p. ;$c24 cm. 490 1 $aStoria e letteratura. Raccolta di studi e testi ;$v266 504 $aBibliografia in nota. 600 14$aVico, Giambattista,$d1668-1744$xFilosofia.$0(OLS)http://pul/subject/5889 700 1 $aTessitore, Fulvio.$0(OLS)http://pul/name/13024 830 0$aStoria e letteratura (Edizioni di storia e letteratura) ;$v266.$0(OLS)http://pul/title/1028 850 $aPUL 852 $aPUL$W1$xDP1 Cons. Gen., Altre Classi 1$y22$m1039 G 1.266$j179963$qStampati$B143252$CPULBib$Z2$F143252 $H116847 $82 941 1 $a8 996 $6020$a978-88-6372-255-0$9(OLS)http://pul/number/147108 996 $6245$aA partire da Giambattista Vico :$bfilosofia, diritto e letteratura nella Napoli del secondo Settecento$9(OLS)http://pul/title/157909 996 $6260$aRoma :$bEdizioni di Storia e Letteratura$9(OLS)http://pul/publisher/48123